Does substandard performance encourage innovation adoption? (Record no. 511562)

000 -LEADER
fixed length control field 01605nam a2200169 4500
008 - FIXED-LENGTH DATA ELEMENTS--GENERAL INFORMATION
fixed length control field 190926b ||||| |||| 00| 0 eng d
100 ## - MAIN ENTRY--PERSONAL NAME
Personal name Pasha, Obed
245 ## - TITLE STATEMENT
Title Does substandard performance encourage innovation adoption?
260 ## - PUBLICATION, DISTRIBUTION, ETC. (IMPRINT)
Name of publisher, distributor, etc American Review of Public Administration
300 ## - PHYSICAL DESCRIPTION
Extent 49(5), Jul, 2019: p.572-584.
520 ## - SUMMARY, ETC.
Summary, etc What makes an organization innovative? This is an enduring question in literature with a variety of models explaining innovation adoption in public organizations. The study presented here contributes to this research by introducing substandard performance as a determinant of innovation adoption, using the example of the adoption of CompStat systems in U.S. police departments. CompStat is a significant innovation in policing that was first operationalized by the New York Police Department in the mid-1990s and is consistently gaining popularity among police departments in the United States and abroad. This study uses a survival analysis of 362 small to midsized U.S. police departments over a 14-year period. Event history and Cox proportional hazards modeling show that poor preadoption performance for violent crime is significantly related to CompStat adoption, and the weaker a department’s preadoption performance, the earlier it adopts CompStat. Property crime, on the contrary, is not found to have a significant impact on the adoption of CompStat. - Reproduced.
650 ## - SUBJECT ADDED ENTRY--TOPICAL TERM
Topical term or geographic name as entry element Police - United States
9 (RLIN) 11470
650 ## - SUBJECT ADDED ENTRY--TOPICAL TERM
Topical term or geographic name as entry element CompStat
9 (RLIN) 11471
773 ## - HOST ITEM ENTRY
Main entry heading American Review of Public Administration
906 ## - LOCAL DATA ELEMENT F, LDF (RLIN)
Subject DIP Organisation
942 ## - ADDED ENTRY ELEMENTS (KOHA)
Source of classification or shelving scheme
Item type Articles
Holdings
Withdrawn status Lost status Source of classification or shelving scheme Damaged status Not for loan Permanent location Current location Date acquired Serial Enumeration / chronology Barcode Date last seen Koha item type
          Indian Institute of Public Administration Indian Institute of Public Administration 2019-09-26 49(5), Jul, 2019: p.572-584. AR121152 2019-09-26 Articles

Powered by Koha